000 00467nam a22001697a 4500
003 NUST - PNEC
005 20170116181130.0
008 151006b xxu||||| |||| 00| 0 eng d
020 _a0963817841
040 _cLIBRARY
082 _a670.285 LAW
100 _913894
_aLawry, Mark H.
245 _aI-DEAS : Mechanical CAE/CAD/CAM software student guide
_cMark H. Lawry
260 _cc.1991
650 _913895
_aComputer-aided engineering
_xMIS
942 _2ddc
_cBK
999 _c69908
_d69908